Система "Планета земля": Материалы научных семинаров "Нетрадиционные вопросы геологии" (Геологический факультет МГУ, 1998-1999)

Dettagli Bibliografici
Lingua:russo
Pubblicazione: Москва, Гармония строения Земли и планет, 1999
Soggetti:
Natura: MixedMaterials Libro
KOHA link:https://koha.lib.tpu.ru/cgi-bin/koha/opac-detail.pl?biblionumber=10223

MARC

LEADER 00000nam0a2200000 4500
001 10223
005 20231030182831.0
035 |a (RuTPU)RU\TPU\book\10283 
035 |a BOOK00010347 
090 |a 10223 
100 |a 20011209d1999 k y0rusy50 ca 
101 0 |a rus 
102 |a RU 
105 |a y z 100zy 
200 1 |a Система "Планета земля"  |e Материалы научных семинаров "Нетрадиционные вопросы геологии" (Геологический факультет МГУ, 1998-1999) 
210 |a Москва  |c Гармония строения Земли и планет  |d 1999 
215 |a 240 с. 
610 1 |a геология 
610 1 |a научно-исследовательская работа 
610 1 |a нетрадиционные вопросы 
610 1 |a Земля 
675 |a 55.001  |v 3 
801 0 |a RU  |b 63413507  |c 20011209  |g PSBO 
801 2 |a RU  |b 63413507  |c 20070911  |g PSBO 
942 |c BK